Management foundations: pacific rim focus/ (Record no. 3728)

000 -LEADER
fixed length control field 00971cam a22003134a 4500
001 - CONTROL NUMBER
control field 12352875
003 - CONTROL NUMBER IDENTIFIER
control field OSt
005 - DATE AND TIME OF LATEST TRANSACTION
control field 20161110165354.0
008 - FIXED-LENGTH DATA ELEMENTS--GENERAL INFORMATION
fixed length control field 010320s2002 njua b 001 0 eng
010 ## - LIBRARY OF CONGRESS CONTROL NUMBER
LC control number 2001021527
020 ## - INTERNATIONAL STANDARD BOOK NUMBER
International Standard Book Number 9780074715734
040 ## - CATALOGING SOURCE
Original cataloging agency DLC
Transcribing agency DLC
Modifying agency DLC
042 ## - AUTHENTICATION CODE
Authentication code pcc
050 00 - LIBRARY OF CONGRESS CALL NUMBER
Classification number HD31.B37 2006
082 00 - DEWEY DECIMAL CLASSIFICATION NUMBER
Classification number 658
Edition number 21
100 ## - MAIN ENTRY--PERSONAL NAME
Personal name Bartol,Kathryn
245 10 - TITLE STATEMENT
Title Management foundations: pacific rim focus/
Statement of responsibility, etc Kathryn Bartol...[et al]
260 ## - PUBLICATION, DISTRIBUTION, ETC. (IMPRINT)
Place of publication, distribution, etc Boston :
Name of publisher, distributor, etc McGraw-Hill Irwin,
Date of publication, distribution, etc c2006.
300 ## - PHYSICAL DESCRIPTION
Extent xxvii, 552 p. :
Other physical details col. ill. ;
Dimensions 26 cm.
504 ## - BIBLIOGRAPHY, ETC. NOTE
Bibliography, etc Includes bibliographical references and index.
650 #0 - SUBJECT ADDED ENTRY--TOPICAL TERM
Topical term or geographic name as entry element Management.
700 ## - ADDED ENTRY--PERSONAL NAME
Personal name Tein,Margaret
700 ## - ADDED ENTRY--PERSONAL NAME
Personal name Mathews,Graham
700 ## - ADDED ENTRY--PERSONAL NAME
Personal name Ritson,Philip
700 ## - ADDED ENTRY--PERSONAL NAME
Personal name Scott-Ladd,Brenda
906 ## - LOCAL DATA ELEMENT F, LDF (RLIN)
a 7
b cbc
c orignew
d 1
e ocip
f 20
g y-gencatlg
942 ## - ADDED ENTRY ELEMENTS (KOHA)
Source of classification or shelving scheme
Koha item type Book
Holdings
Withdrawn status Lost status Source of classification or shelving scheme Damaged status Not for loan Home library Current library Shelving location Date acquired Total Checkouts Full call number Barcode Date last seen Copy number Price effective from Koha item type
          Riara University Library Riara University Library General stack 10/11/2016   HD31.B37 2006 8790/16 10/11/2016 C.1 10/11/2016 Book
          Riara University Library Riara University Library General stack 28/11/2016   HD31.B37 2006 8670/16 28/11/2016 C.2 28/11/2016 Book

Riara University Library,
P.O. Box 49940-00100,
Nairobi, Kenya.